000 00438nam a2200181Ia 4500
003 LK-CoDNM
005 20241209114915.0
008 010623t1975 xxu||||| |||| 00| 1 eng d
040 _aLK-CoDNM
_dLK-CoDNM
_eLK-CoDNM
041 _aeng
080 _a294.3(026)
_bBUD
245 _aBuddhism in Slides
260 _bBuddhist Information Centre
_c1975
300 _b132p. ; 18 cm
650 _a1975
650 _aBuddhism
942 _cBK
999 _c109506
_d109506